Города Ирана с населением более 100 тыс. человек - Statistics

General Stats
  • This quiz has been taken 65 times
    35 since last reset
  • The average score is 16 of 102
Answer Stats
Население Город % Correct
8 693 706 Тегеран
97%
1 558 693 Тебриз
71%
1 565 572 Шираз
58%
3 001 184 Мешхед
55%
679 995 Решт
52%
526 648 Бендер-Аббас
52%
1 961 260 Исфахан
48%
1 201 158 Кум
45%
736 224 Урмия
45%
537 718 Керман
42%
1 184 788 Ахваз
35%
946 651 Керманшах
35%
587 730 Захедан
35%
554 406 Хамадан
32%
529 673 Йезд
32%
1 592 492 Кередж
29%
529 374 Ардебиль
29%
350 676 Горган
23%
243 700 Себзевар
23%
223 504 Бушир
23%
448 129 Исламшехр
19%
412 767 Сенендедж
19%
347 102 Сари
19%
162 797 Бендер-Махшехр
19%
138 864 Пираншехр
19%
113 750 Ираншехр
19%
373 416 Хорремабад
16%
239 556 Голестан
16%
228 931 Боджнурд
16%
198 845 Хой
16%
140 019 Торбете-Хейдерие
16%
127 396 Бам
16%
119 760 Юксекова
16%
100 449 Торбете-Джам
16%
520 944 Эрак
13%
297 711 Рей
13%
264 709 Дизфуль
13%
264 375 Нишапур
13%
231 075 Гарчак
13%
220 762 Саве
13%
204 953 Каэмшехр
13%
203 636 Бирдженд
13%
194 030 Илам
13%
134 425 Миандоаб
13%
133 097 Хорремшехр
13%
119 418 Мохаммадшахр
13%
101 073 Лахиджан
13%
430 871 Зенджан
10%
402 748 Казвин
10%
304 487 Кашан
10%
281 027 Малард
10%
250 217 Баболь
10%
237 528 Амоль
10%
234 997 Боруджерд
10%
231 476 Абадан
10%
225 628 Варамин
10%
199 704 Сирджан
10%
193 501 Букан
10%
175 255 Мераге
10%
173 329 Шахиншехр
10%
170 237 Малайер
10%
168 393 Мехабад
10%
141 634 Джехром
10%
134 952 Шехреза
10%
134 950 Заболь
10%
134 532 Ясудж
10%
130 825 Меренд
10%
130 429 Джирофт
10%
119 399 Изе
10%
110 218 Бане
10%
106 739 Чахбехар
10%
309 607 Шахрияр
6%
235 281 Неджефабад
6%
200 393 Насимшахр
6%
190 441 Шехре-Корд
6%
165 258 Саккез
6%
151 910 Гомбеде-Кавус
6%
141 669 Кемальшехр
6%
122 604 Бехбехан
6%
121 638 Доруд
6%
119 512 Назарабад
6%
118 564 Бендер-Энзели
6%
110 567 Боразджан
6%
102 282 Кашмер
6%
101 604 Кучан
6%
100 497 Масджид-Солейман
6%
247 128 Хомейнишехр
3%
236 319 Пакдешт
3%
185 129 Семнан
3%
161 909 Рафсанджан
3%
150 129 Шахруд
3%
148 858 Марвдешт
3%
136 654 Мериван
3%
135 116 Андимешк
3%
127 864 Сельмас
3%
116 062 Андише
3%
110 825 Феса
3%
105 393 Робаткарим
3%
101 878 Шуштер
3%
100 641 Ахар
3%
309 605 Кудс
0%
181 174 Фердис
0%
No matching quizzes found
Score Distribution
Percent of People with Each Score
Percentile by Number Answered
Your Score History
You have not taken this quiz since the last reset